000 01045nam a2200325Ia 4500
003 OSt
005 20221007122734.0
006 a|||||r|||| 00| 0
007 ta
008 221006b |||||||| |||| 00| 0 eng d
020 _a9788185618104 (pbk)
024 _a162989
037 _b1508, 09/12/2011, Ashutosh Technical Books
_cTextual
040 _aPAPL
_cPAPL
_beng
041 _2eng
_aeng
082 _aC51, N1;1 Carpa
100 _aGhatak Ajoy
_9433019
245 0 _aOptical electronics
_b Thyagarajan K
260 _aNew
_bDelhi C U P
_c2011
300 _axii; 624p.
_ccm.
500 _aAppendix 587-611p.; References 612-620p.; Index 621-624p.
650 _a Holography
_9714353
650 _a Optical electronics
_9417219
650 _a Optics laser
_9715063
650 _a Reflection
_9715064
650 _aPhysics
700 _a Thyagarajan K
_9433020
942 _hC51, N1;1 Carpa
_cTEXL
_2CC
999 _c1210850
_d1210850